| 000 | 01160nam a22003017a 4500 | ||
|---|---|---|---|
| 999 |
_c13197 _d13197 |
||
| 003 | AR-CdUCM | ||
| 008 | 190225b ||||| |||| 00| 0 spa d | ||
| 040 |
_aMUNICIPALIDAD PROVINCIAL DEL CUSCO _cBIBLIOTECA MUNICIPAL DEL CUSCO |
||
| 082 |
_aES / 373.808 / _bC97 |
||
| 100 |
_aCODENI _931440 |
||
| 110 |
_aMunicipalidad del Qosqo _96414 |
||
| 245 | _aTe cuento un cuento / | ||
| 260 |
_aCusco : _bAndina, _c1992. |
||
| 300 |
_a92 paginas ; _bIlustraciones, _c20 cm. |
||
| 500 | _aMunicipalidad del Cusco | ||
| 505 | _aLa niña que atrapo el viento -- En mi comunidad -- Las tres tortugas -- Mi viaje a pomacanchi -- Un relato maravilloso | ||
| 650 |
_aCuentos _9312 |
||
| 650 |
_aAnde peruano _92987 |
||
| 650 |
_aDerechos del niño _92988 |
||
| 650 |
_aFantasia _92989 |
||
| 700 |
_aCottereau, Michel (Foto carátula) _931441 |
||
| 700 |
_aNaraza, Angela - Meza, Gilda (fichas de lectura) _931442 |
||
| 700 |
_aNiños del Centro Educativo Pukllasunchis (ilustraciones) _931443 |
||
| 700 |
_aAráoz V., Arely (diseño general) _931444 |
||
| 700 |
_aEstrada Perez, Daniel (presentación) _931445 |
||
| 942 |
_2ddc _cLIBROS |
||
| 945 |
_apjha _d2019-04-11 |
||